| 000 | 00867nam a2200229Ia 4500 | ||
|---|---|---|---|
| 999 |
_c38448 _d38448 |
||
| 001 | 4460 | ||
| 003 | GE_BSU | ||
| 005 | 20190521181858.0 | ||
| 008 | 181216s1976|||| |||||||||||||| ||geo|| | ||
| 040 | _cGE_BSU | ||
| 041 | _ageo | ||
| 080 | _a53(075) ღ–80 | ||
| 100 |
_aღონღაძე, დ. _91353 |
||
| 245 |
_aზოგადი ფიზიკის კურსი. ნაწ I : / _cდ. ღონღაძე ; რედ : ა.ბესელია. |
||
| 250 | _aმეორე გადამუშ. გამოც. | ||
| 264 |
_aთბილისი : _bგანათლება, _c1976. |
||
| 300 |
_a463 გვ .: _c21 სმ. |
||
| 653 | _aზოგადი ფიზიკის კურსი | ||
| 653 | _aფიზიკა | ||
| 700 |
_a.ბესელია, ა _eრეედაქტორი _91376 |
||
| 942 |
_cBK _2udc |
||